Five point someone: (Record no. 35124)
[ view plain ]
| 000 -LEADER | |
|---|---|
| fixed length control field | 01167nam a22002657a 4500 |
| 005 - DATE AND TIME OF LATEST TRANSACTION | |
| control field | 20100407113741.0 |
| 008 - FIXED-LENGTH DATA ELEMENTS--GENERAL INFORMATION | |
| fixed length control field | 100407t xxu||||| |||| 00| 0 eng d |
| 010 ## - LCCN (DPL NO) | |
| LC control number | B-379417 |
| 020 ## - INTERNATIONAL STANDARD BOOK NUMBER | |
| International Standard Book Number | 9788129104595 |
| Terms of availability | 95.00 |
| 035 ## - SYSTEM CONTROL NUMBER | |
| System control number | B-379417 |
| 035 ## - SYSTEM CONTROL NUMBER | |
| System control number | B-368325 |
| 037 ## - SOURCE OF ACQUISITION | |
| Source of stock number/acquisition | Pansy Books |
| 040 ## - CATALOGING SOURCE | |
| Original cataloging agency | dpl |
| Language of cataloging | English |
| 082 ## - DEWEY DECIMAL CLASSIFICATION NUMBER | |
| Classification number | N |
| 100 ## - MAIN ENTRY--PERSONAL NAME | |
| Personal name | Bhagat, Chetan |
| 245 ## - TITLE STATEMENT | |
| Title | Five point someone: |
| Statement of responsibility, etc | by Chetan Bhagat |
| Remainder of title | what not to do at IIT:a novel / |
| 260 ## - PUBLICATION, DISTRIBUTION, ETC. (IMPRINT) | |
| Place of publication, distribution, etc | New Delhi |
| Name of publisher, distributor, etc | Rupa & Co. |
| Date of publication, distribution, etc | 2010 |
| 270 ## - ADDRESS | |
| Address | 7/16, Ansari Road, Darya Ganj |
| City | New Delhi |
| Postal code | 110002 |
| 300 ## - PHYSICAL DESCRIPTION | |
| Extent | 267p. |
| Dimensions | 22cm. (pbk) |
| 942 ## - ADDED ENTRY ELEMENTS (KOHA) | |
| Institution code [OBSOLETE] | dpl |
| Item type | English Books |
| Source of classification or shelving scheme | Dewey Decimal Classification |
| Classification part | N |
| Call number suffix | BHA |
| Withdrawn status | Lost status | Source of classification or shelving scheme | Damaged status | Not for loan | Home library | Current library | Date acquired | Source of acquisition | Cost, normal purchase price | Total Checkouts | Total Renewals | Full call number | Barcode | Date last seen | Copy number | Cost, replacement price | Koha item type | Collection code |
|---|---|---|---|---|---|---|---|---|---|---|---|---|---|---|---|---|---|---|
| Written-off vide DLB M. No. 383 dt 16.05.19 | Dewey Decimal Classification | Patel Nagar | Patel Nagar | 07/05/2010 | Pansy Books/970/27.1.10/3095/22.1.10/28.1.10 | 95.00 | N BHA | B-368625 | 07/05/2010 | 1 | 95.00 | English Books | Fiction | |||||
| Dewey Decimal Classification | Sarojini Nagar | Sarojini Nagar | 07/04/2010 | Pansy Books/987/24.2.10/176/23.2.10/24.2.10 | 95.00 | 4 | 2 | N BHA | B-379417 | 05/04/2024 | 1 | 95.00 | English Books |
